Cung oán ngân khúc

Spremljeno u:
Bibliografski detalji
Glavni autor: ÔN NHƯ HẦU
Format: Knjiga
Jezik:Undetermined
Izdano: Văn học 2001
Oznake: Dodaj oznaku
Bez oznaka, Budi prvi tko označuje ovaj zapis!
Thư viện lưu trữ: Trung tâm Học liệu Trường Đại học Cần Thơ
LEADER 00446nam a2200145Ia 4500
001 CTU_48783
008 210402s9999 xx 000 0 und d
082 |a 895.9221 
082 |b Ô454 
100 |a ÔN NHƯ HẦU 
245 0 |a Cung oán ngân khúc 
245 0 |c ÔN NHƯ HẦU, Nguyễn Gia Thiều; Dịch giả: Lưu Hoài 
260 |b Văn học 
260 |c 2001 
980 |a Trung tâm Học liệu Trường Đại học Cần Thơ